000 00612cam a2200217 4500500
005 20260405003618.0
041 _afre
042 _adc
100 1 0 _aLarmagnac-Matheron, Octave
_eauthor
245 0 0 _aGéopolitique des choses
260 _c2022.
500 _a6
690 _aChoses
690 _aConflit
690 _aCrise
690 _aMatérialité
690 _aRareté
690 _aRessources
786 0 _nPhilosophie magazine | 165 | 12 | 2022-12-01 | p. 6-6 | 1951-1787
856 4 1 _uhttps://shs.cairn.info/magazine-philosophie-magazine-2022-12-page-6?lang=fr&redirect-ssocas=7080
999 _c2069261
_d2069261